000 00571nam a2200145Ia 4500
008 100204s9999 xx 000 0 und d
082 _b14943
100 _aटिकेकर चंद्र्रसेन
245 _a1प्रश्नोत्तर गणकयंत्र
260 _b"मेहता पब्लिशिंग हाऊस , पुणे"
_c1991
300 _a47
630 _a1प्रश्नोत्तर गणकयंत्र
730 _a1प्रश्नोत्तर गणकयंत्र
942 _cBOOK
999 _c459374
_d459371